01112nas a2200313 4500001001300000003000900013005001700022007000300039008003400042040005400076041000900130072001300139100002000152100001800172100001700190100002000207100001900227100001800246100002300264245014700287246013000434650001100564650002000575650001500595650001500610650003500625650002400660773011400684BR2013000617BR-BrBNA20231205121828.0ta230509b bl.|||p| |||| 00| 00por d aBR-BrBNAbporcBiblioteca Nacional de Agricultura a(Pt) aL73; L701 aAlmeida, R.F.C.1 aMadruga, C.R.1 aSoares, C.O.1 aFernandes, M.C.1 aCarvalho, N.M.1 aJorge, K.S.G.1 aOsório, A.L.A.R.1 aResposta imune específica de bovinos experimentalmente sensibilizados com inóculos inativados de Mycobacterium bovis e Mycobacterium avium1 aSpecific immune response of cattle to experimental sensibilization by inactivated Mycobacterium bovis and Mycobacterium avium aBOVINO aDOENÇA ANIMAL aBACTÉRIA aIMUNOLOGIA aEXPERIÊNCIA DE LABORATÓRIO aMYCOBACTERIUM BOVIS0 tPesquisa Veterinária Brasileira (Brazil)xISSN 0100-736Xg(Oct-Dec 2006), v. 26(4) p. 195-200wBR2013000617